تحميل...

Historical anthropology /

Contributed articles chiefly with reference to India.

التفاصيل البيبلوغرافية
المؤلف الرئيسي: Dube,Saurabh Ed
التنسيق: Printed Book
منشور في: New Delhi ; New York : Oxford Univ. Press, 2007.
سلاسل:Oxford in India readings in sociology and social anthropology
الموضوعات:
LEADER 00679cam a2200181 a 4500
020 |a 9780195690712 
020 |a 0195690710 
082 |a 301  |b ANT/HIS 
100 |a Dube,Saurabh Ed. 
245 0 0 |a Historical anthropology / 
260 |a New Delhi ;  |b New York :  |b Oxford Univ. Press,  |c 2007. 
300 |a xiv, 427 p. ; 
490 0 |a Oxford in India readings in sociology and social anthropology 
520 |a Contributed articles chiefly with reference to India. 
650 0 |a Ethnology  |z India. 
942 |c BK 
999 |c 94836  |d 94836 
952 |0 0  |1 0  |4 0  |6 301_000000000000000_ANT_HIS  |7 0  |9 87483  |a SSS  |b SSS  |c GEN  |d 2011-07-26  |g 595.00  |l 1  |o 301 ANT/HIS  |p SSS05647  |r 2014-06-25  |s 2014-06-02  |w 2011-07-26  |y BK